书目信息 |
| 题名: |
货币战争
|
|
| 作者: | 宋鸿兵 著 | |
| 分册: | 5 山雨欲来 | |
| 出版信息: | 武汉 长江文艺出版社 2014.01 |
|
| 页数: | 354页 | |
| 开本: | 25cm | |
| 丛书名: | ||
| 单 册: | ||
| 中图分类: | F821.9 | |
| 科图分类: | ||
| 主题词: | 货币史--世界 , 货币史 | |
| 电子资源: | ||
| ISBN: | 978-7-5354-7137-6 | |
| 000 | 00890nam0 2200265 450 | |
| 001 | 0120131181019 | |
| 005 | 20140609081951.17 | |
| 010 | @a978-7-5354-7137-6@dCNY46.00 | |
| 100 | @a20131218d2014 em y0chiy0110 ea | |
| 101 | 0 | @achi |
| 102 | @aCN@b420000 | |
| 105 | @ay z 000yy | |
| 106 | @ar | |
| 200 | 1 | @a货币战争@9huo bi zhan zheng@dCurrency wars@h5@i山雨欲来@f宋鸿兵著@zeng |
| 210 | @a武汉@c长江文艺出版社@d2014.01 | |
| 215 | @a354页@d25cm | |
| 330 | @a本书共分为九章,主要内容包括:黄金斩首,打响美元保卫战;真相隧道,穿越泡沫的空间;钱荒惊魂,梦游的影子狂欢;利率火山,最后的审判日;风云再起,华尔街炒房团在行动等。 | |
| 333 | @a经济理论研究人员 | |
| 510 | 1 | @aCurrency wars@h5@zeng |
| 606 | 0 | @a货币史@y世界 |
| 606 | 0 | @a货币史 |
| 690 | @aF821.9@v5 | |
| 701 | 0 | @a宋鸿兵@9song hong bing@4著 |
| 801 | 0 | @aCN@b人天书店@c20131218 |
| 905 | @b547821-23@dF821.9@e60:5@f3 | |
| 货币战争=Currency wars.5.山雨欲来/宋鸿兵著.-武汉:长江文艺出版社,2014.01 |
| 354页;25cm |
| 使用对象:经济理论研究人员 |
| ISBN 978-7-5354-7137-6:CNY46.00 |
| 本书共分为九章,主要内容包括:黄金斩首,打响美元保卫战;真相隧道,穿越泡沫的空间;钱荒惊魂,梦游的影子狂欢;利率火山,最后的审判日;风云再起,华尔街炒房团在行动等。 |
| ● |
| 相关链接 |
|
|
|
|
正题名:货币战争
索取号:F821.9/60:5
 
预约/预借
| 序号 | 登录号 | 条形码 | 馆藏地/架位号 | 状态 | 备注 |
| 1 | 547821 | 205478213 | 第一样本阅览室/ [索取号:F821.9/60:5] | 在馆 | |
| 2 | 547822 | 205478222 | 第一借阅区/ [索取号:F821.9/60:5] | 在馆 | |
| 3 | 547823 | 205478231 | 第一借阅区/ [索取号:F821.9/60:5] | 在馆 |